Entrepreneurship: Theory, Process, Practice (Record no. 3387)

MARC details
005 - DATE AND TIME OF LATEST TRANSACTION
control field 20250610082712.0
020 ## - INTERNATIONAL STANDARD BOOK NUMBER
International Standard Book Number 978-1-305-57624-7
082 ## - DEWEY DECIMAL CLASSIFICATION NUMBER
Classification number 338.04 KUR
100 ## - MAIN ENTRY--PERSONAL NAME
Author name KURATKO,D.
245 ## - TITLE STATEMENT
Title Entrepreneurship: Theory, Process, Practice
250 ## - EDITION STATEMENT
Edition statement 10th Ed.
260 ## - PUBLICATION, DISTRIBUTION, ETC.
Place of publication, distribution, etc. New York.
Name of publisher, distributor, etc. CENGAGE Learning
Date of publication, distribution, etc. 2017
300 ## - PHYSICAL DESCRIPTION
Extent xv,465p.; picture
Other physical details Index
Dimensions 28cm
942 ## - ADDED ENTRY ELEMENTS (KOHA)
Source of classification or shelving scheme Dewey Decimal Classification
Koha item type Books
Holdings
Date last seen Total checkouts Full call number Barcode Cost, replacement price Price effective from Koha item type Lost status Source of classification or shelving scheme Damaged status Not for loan Withdrawn status Home library Current library Shelving location Date acquired Cost, normal purchase price
06/07/2025   338.04 KUR DOM0001813 999999.99 06/07/2025 Books   Dewey Decimal Classification       CBE Dodoma CBE Dodoma Special Reserve Collection 07/24/2017 999999.99
06/07/2025   338.04 KUR DOM0001816 999999.99 06/07/2025 Books   Dewey Decimal Classification       CBE Dodoma CBE Dodoma Special Reserve Collection 07/24/2017 27500.00
06/07/2025   338.04 KUR DOM0001806 999999.99 06/07/2025 Books   Dewey Decimal Classification       CBE Dodoma CBE Dodoma Special Reserve Collection 07/24/2017 999999.99
06/07/2025   338.04 KUR DOM0001815 999999.99 06/07/2025 Books   Dewey Decimal Classification       CBE Dodoma CBE Dodoma Special Reserve Collection 07/24/2017 999999.99